İstenmeyen çocuklar : (Record no. 13470)

MARC details
000 -BAŞLIK
Sabit Uzunlukta Kontrol Alanı 00998nam a22002657a 4500
999 ## - SİSTEM KONTROL NUMARALARI (KOHA)
Koha Biblionumber 13470
Koha Biblioitemnumber 13470
003 - KONTROL NUMARASI IDENTIFIER
Denetim Alanı MIRAKIL
005 - SON İŞLEM TARİHİ VE ZAMANI
Denetim Alanı 20190902104724.0
008 - SABİT-BOY VERİ ELEMANLARI - GENEL BİLGİLER
Sabit Uzunlukta Kontrol Alanı 190902b tu ||||| |||| 00| 0 tur d
020 ## - ULUSLARARASI STANDART KİTAP NUMARASI
Uluslararası Standart Kitap Numarası 9789750516801
040 ## - KATALOGLAMA KAYNAK
Orijinal Kataloglama Ajansı TR-AnCHP
Metne Dönüştürmek Ajansı TR-AnCHP
041 ## - DİL KODU
Metin / Ses Parça Veya Ayrı Başlığın Dil Kodu tur
082 ## - DEWEY ONLU SINIFLANDIRMA NUMARASI
Sınıflandırma Numarası 323.1191590561
Ürün Numarası İ77 2014
245 10 - BAŞLIK TABLOSU
Başlık İstenmeyen çocuklar :
Başlığın Kalan Roboski katliamını hatırlamak ve hatırlatmak /
Sorumluluk Tablosu, Vb hazırlayan: Müge Tuzcuoğlu
246 ## - UNVAN FORM VARYING
Başlık Doğru / Kısa Başlığı Roboski katliamını hatırlamak ve hatırlatmak
260 ## - YAYIN, DAĞITIM, VB
Yayın, Dağıtım, Vb Yeri İstanbul:
Yayıncı, Dağıtıcı, Vs Adı İletişim Yayınları,
Yayın, Dağıtım, Vb Tarihi 2014.
300 ## - FİZİKSEL TANIM
Kapsam 263 s.:
Boyutlar 20 sm.
490 0# - SERİSİ TABLOSU
Seri Beyanı İletişim Yayınları ;
-- Bugünün kitapları ;
Hacim / Ardışık Tanımı 2090.
-- 177.
546 ## - DİL NOTU
Dil Notu Metin Türkçe-Kürtçe paraleldir.
650 #0 - KONU KATMA GİRİŞ - TOPİKAL DÖNEM
9 (RLIN) 5116
Topikal Süreli Veya Coğrafi Ad Giriş Elemanı Kürtler
Genel Alt Bölümü Siyaset ve Yönetim
Coğrafi Alt Bölümü Türkiye
650 #0 - KONU KATMA GİRİŞ - TOPİKAL DÖNEM
9 (RLIN) 5957
Topikal Süreli Veya Coğrafi Ad Giriş Elemanı Uludere olayı
Genel Alt Bölümü Tarih
Coğrafi Alt Bölümü Türkiye
651 #0 - KONU KATMA GİRİŞ - COĞRAFİ ADI
9 (RLIN) 5958
Coğrafi İsim Uludere, Şırnak
Genel Alt Bölümü Tarih
700 ## - KATMA GİRİŞ - KİŞİSEL İSİM
9 (RLIN) 5959
Kişisel Ad Tuzcuoğlu, Müge
Relator Terim haz.
740 ## - KATMA GİRİŞ - KONTROLSUZ İLGİLİ / ANALİTİK BAŞLIK
Kontrol Edilmeyen / İlgili Analitik Başlıktaki Roboski katliamını hatırlamak ve hatırlatmak
942 ## - EKLENDİ GİRİŞ ELEMANLARI (KOHA)
Sınıflandırma Veya Raf Düzeni Kaynak Dewey Decimal Classification
Koha Öğesi Türü Books
Holdings
Kalıcı Konum Mevcut Konum Edinme Tarihi Toplam Check-Out'Lar Tam Çağrı Numarası Barkod Tarih Son Görülme İtibaren Geçerli Fiyatlar Koha Öğesi Türü
CHP Kütüphanesi CHP Kütüphanesi 09/02/2019   323.1191590561 İ77 2014 011924 09/02/2019 09/02/2019 Books